[Event "Nova Gorica op 28th"]
[Site "Nova Gorica"]
[Date "2024.02.02"]
[Round "9"]
[White "Ashwath, R."]
[Black "Zupancic, Jernej"]
[Result "1/2-1/2"]
[WhiteElo "2284"]
[BlackElo "2211"]
[PlyCount "35"]
[EventDate "2024.01.26"]
[EventType "swiss"]
[EventRounds "9"]
[EventCountry "SLO"]
[SourceTitle "CB06_2024"]
[SourceDate "2024.02.07"]
[SourceVersion "1"]
[SourceVersionDate "2024.02.07"]
[SourceQuality "1"]

1. d4 Nf6 2. c4 e6 3. Nc3 Bb4 4. Nf3 b6 5. g3 Bb7 6. Bg2 0-0 7. Qb3 c5 8. a3 Bxc3+ 9. Qxc3 d6 10. 0-0 Qe7 11. dxc5 dxc5 12. Bg5 Nc6 13. e3 h6 14. Bxf6 Qxf6 15. Qxf6 gxf6 16. Nd2 Rfd8 17. Rfd1 Kf8 18. b4 1/2-1/2

[Event "Nova Gorica op 28th"]
[Site "Nova Gorica"]
[Date "2024.01.30"]
[Round "6"]
[White "Beliavsky, Alexander G"]
[Black "Ashwath, R."]
[Result "1/2-1/2"]
[WhiteElo "2475"]
[BlackElo "2284"]
[PlyCount "27"]
[EventDate "2024.01.26"]
[EventType "swiss"]
[EventRounds "9"]
[EventCountry "SLO"]
[SourceTitle "CB06_2024"]
[SourceDate "2024.02.07"]
[SourceVersion "1"]
[SourceVersionDate "2024.02.07"]
[SourceQuality "1"]

1. d4 Nf6 2. c4 e6 3. Nf3 d5 4. g3 dxc4 5. Bg2 c6 6. Ne5 Bb4+ 7. Bd2 Be7 8. e3 b5 9. b3 cxb3 10. axb3 Bb7 11. 0-0 a5 12. Qe2 0-0 13. Rc1 b4 14. Nxc6 1/2-1/2

[Event "Nova Gorica op 28th"]
[Site "Nova Gorica"]
[Date "2024.01.27"]
[Round "2"]
[White "Doric, Darko"]
[Black "Ashwath, R."]
[Result "1/2-1/2"]
[WhiteElo "2456"]
[BlackElo "2284"]
[PlyCount "68"]
[EventDate "2024.01.26"]
[EventType "swiss"]
[EventRounds "9"]
[EventCountry "SLO"]
[SourceTitle "CB06_2024"]
[SourceDate "2024.02.07"]
[SourceVersion "1"]
[SourceVersionDate "2024.02.07"]
[SourceQuality "1"]

1. d4 e6 2. Nf3 f5 3. g3 Nf6 4. Bg2 Be7 5. c4 d5 6. Qc2 Nc6 7. a3 Ne4 8. Nc3 Bf6 9. e3 Na5 10. cxd5 exd5 11. Ne5 Bxe5 12. dxe5 Nc4 13. f4 Be6 14. b3 Na5 15. Nb5 Nc6 16. 0-0 a6 17. Nc3 Qe7 18. b4 g5 19. Rd1 Rd8 20. Bb2 gxf4 21. gxf4 Rg8 22. Rf1 Nxc3 23. Bxc3 d4 24. Bxd4 Nxd4 25. exd4 Rxd4 26. Rad1 Qd7 27. Rxd4 Qxd4+ 28. Qf2 Qd3 29. Kh1 Rxg2 30. Kxg2 Bd5+ 31. Kg1 Qe4 32. Qg3 Qd4+ 33. Qf2 Qe4 34. Qg3 Qd4+ 1/2-1/2

[Event "Marianske Lazne IM-B1 22nd"]
[Site "Marianske Lazne"]
[Date "2024.01.16"]
[Round "4"]
[White "Ashwath, R."]
[Black "Ni, Viktorija"]
[Result "1-0"]
[WhiteElo "2284"]
[BlackElo "2138"]
[PlyCount "53"]
[EventDate "2024.01.13"]
[EventType "tourn"]
[EventRounds "9"]
[EventCountry "CZE"]
[EventCategory "1"]
[SourceTitle "CB04_2024"]
[SourceDate "2023.10.16"]
[SourceVersion "1"]
[SourceVersionDate "2023.10.16"]
[SourceQuality "1"]

1. d4 Nf6 2. c4 g6 3. Nc3 Bg7 4. e4 d6 5. h4 c5 6. d5 h6 7. Be2 e6 8. h5 g5 9. f4 gxf4 10. Bxf4 e5 11. Bd2 b5 12. cxb5 a6 13. Nf3 Rg8 14. Nh4 Nh7 15. bxa6 Bf6 16. Bb5+ Ke7 17. Qf3 Rg4 18. Nf5+ Bxf5 19. Qxf5 Qg8 20. 0-0-0 Rf4 21. Bxf4 exf4 22. Na4 Ra7 23. Nb6 Qxg2 24. Nc4 Nxa6 25. e5 dxe5 26. d6+ Kd8 27. Rhg1 1-0

[Event "Marianske Lazne IM-B1 22nd"]
[Site "Marianske Lazne"]
[Date "2024.01.16"]
[Round "5"]
[White "Lima, Stefan Moisei Vieir"]
[Black "Ashwath, R."]
[Result "1/2-1/2"]
[WhiteElo "2173"]
[BlackElo "2284"]
[PlyCount "28"]
[EventDate "2024.01.13"]
[EventType "tourn"]
[EventRounds "9"]
[EventCountry "CZE"]
[EventCategory "1"]
[SourceTitle "CB04_2024"]
[SourceDate "2023.10.16"]
[SourceVersion "1"]
[SourceVersionDate "2023.10.16"]
[SourceQuality "1"]

1. c4 e6 2. g3 Nf6 3. Bg2 d5 4. Nf3 dxc4 5. Qa4+ c6 6. Qxc4 b5 7. Qb3 Bb7 8. d4 a6 9. a4 Nbd7 10. 0-0 c5 11. axb5 Bd5 12. Qc2 Be4 13. Qb3 Bd5 14. Qc2 axb5 1/2-1/2

[Event "Marianske Lazne IM-B1 22nd"]
[Site "Marianske Lazne"]
[Date "2024.01.14"]
[Round "2"]
[White "Ashwath, R."]
[Black "Rasmussen, Casper"]
[Result "1-0"]
[WhiteElo "2284"]
[BlackElo "2265"]
[PlyCount "65"]
[EventDate "2024.01.13"]
[EventType "tourn"]
[EventRounds "9"]
[EventCountry "CZE"]
[EventCategory "1"]
[SourceTitle "CB04_2024"]
[SourceDate "2023.10.16"]
[SourceVersion "1"]
[SourceVersionDate "2023.10.16"]
[SourceQuality "1"]

1. d4 d5 2. c4 c6 3. cxd5 cxd5 4. Bf4 Nc6 5. e3 Nf6 6. Nc3 Bf5 7. Qb3 Na5 8. Qa4+ Bd7 9. Qc2 e6 10. h3 Rc8 11. Nf3 Bb4 12. Bd3 Nc4 13. Bxc4 Rxc4 14. Ne5 Rc8 15. Qb3 Qa5 16. 0-0 0-0 17. Rfc1 b6 18. a4 h6 19. Nxd7 Nxd7 20. Nb5 Be7 21. Rc2 Nf6 22. f3 Rxc2 23. Qxc2 Re8 24. Bg3 a6 25. Na7 b5 26. Bc7 Qb4 27. axb5 axb5 28. b3 Ra8 29. Qc6 Rxa7 30. Rxa7 Qe1+ 31. Kh2 Qxe3 32. Be5 Bf8 33. Qc7 1-0

[Event "Krakow op-A 34th"]
[Site "Krakow"]
[Date "2024.01.04"]
[Round "9"]
[White "Ashwath, R."]
[Black "Akhvlediani, Irakli"]
[Result "1/2-1/2"]
[WhiteElo "2284"]
[BlackElo "2359"]
[PlyCount "21"]
[EventDate "2023.12.27"]
[EventType "swiss"]
[EventRounds "9"]
[EventCountry "POL"]
[SourceTitle "CB02_2024"]
[SourceDate "2024.01.10"]
[SourceVersion "1"]
[SourceVersionDate "2024.01.10"]
[SourceQuality "1"]

1. d4 Nf6 2. Nf3 e6 3. Bf4 d5 4. e3 Bd6 5. Bxd6 Qxd6 6. c4 a6 7. Nbd2 b6 8. Bd3 Bb7 9. Qb3 Ra7 10. 0-0 Nbd7 11. Qc2 1/2-1/2

[Event "Krakow op-A 34th"]
[Site "Krakow"]
[Date "2023.12.30"]
[Round "4"]
[White "Kozak, Antoni"]
[Black "Ashwath, R."]
[Result "1/2-1/2"]
[WhiteElo "2442"]
[BlackElo "2284"]
[PlyCount "92"]
[EventDate "2023.12.27"]
[EventType "swiss"]
[EventRounds "9"]
[EventCountry "POL"]
[SourceTitle "CB02_2024"]
[SourceDate "2024.01.10"]
[SourceVersion "1"]
[SourceVersionDate "2024.01.10"]
[SourceQuality "1"]

1. e4 e5 2. Nf3 Nc6 3. Bb5 a6 4. Ba4 d6 5. 0-0 Bd7 6. d4 b5 7. Bb3 Nxd4 8. Nxd4 exd4 9. c3 d3 10. Qxd3 Nf6 11. Qg3 Nh5 12. Qf3 Nf6 13. Qg3 Nh5 14. Qf3 Nf6 15. Bf4 Be7 16. Nd2 0-0 17. h3 Be6 18. Rad1 Nd7 19. Qg3 Bh4 20. Qe3 Bf6 21. Nf3 Bxb3 22. axb3 Re8 23. Nd4 Bxd4 24. cxd4 Nf6 25. f3 Nd5 26. Qd2 Nxf4 27. Qxf4 c6 28. Rf2 a5 29. Rc2 Qd7 30. Rdc1 Rec8 31. Qe3 h6 32. Rc3 Rc7 33. Kh2 Rac8 34. f4 c5 35. dxc5 dxc5 36. Rd3 Qe7 37. Rd5 a4 38. e5 axb3 39. Qxb3 Rd7 40. f5 Rxd5 41. Qxd5 Qh4 42. Rxc5 Qf4+ 43. Kh1 Qf1+ 44. Kh2 Qf4+ 45. Kh1 Qf1+ 46. Kh2 Qf4+ 1/2-1/2

[Event "Tamil Nadu IM 1st"]
[Site "Chennai"]
[Date "2023.10.19"]
[Round "7"]
[White "Abdyjapar, Asyl"]
[Black "Ashwath, R."]
[Result "1-0"]
[WhiteElo "2314"]
[BlackElo "2298"]
[PlyCount "101"]
[EventDate "2023.10.16"]
[EventType "tourn"]
[EventRounds "9"]
[EventCountry "IND"]
[SourceTitle "Mega2024 Update 01"]
[Source "Chessbase"]
[SourceDate "2023.11.12"]
[SourceVersion "1"]
[SourceVersionDate "2023.11.12"]
[SourceQuality "1"]

1. d4 f5 2. Bg5 g6 3. e3 Bg7 4. Bc4 Nf6 5. h4 h6 6. Bf4 c6 7. Nf3 d6 8. Nbd2 Nbd7 9. c3 Nb6 10. Bb3 Nbd5 11. Qe2 Be6 12. Bg3 Qd7 13. Bc2 0-0 14. 0-0 Rae8 15. c4 Nc7 16. Rad1 Qc8 17. c5 Nh5 18. Bh2 dxc5 19. Ne5 Bxe5 20. Bxe5 cxd4 21. Bxd4 Nb5 22. Be5 Nd6 23. Rfe1 Nf7 24. Bc3 Nd6 25. Be5 Nf7 26. Bh2 Nf6 27. e4 fxe4 28. Nxe4 Nxe4 29. Bxe4 Bf5 30. Bxf5 Qxf5 31. Qe6 Rd8 32. Qxe7 Rxd1 33. Rxd1 Qc2 34. Re1 Qxb2 35. Bg3 Nd8 36. Rd1 Qg7 37. Bd6 Qxe7 38. Bxe7 Ne6 39. Bxf8 Kxf8 40. Rd7 Nc5 41. Rh7 Kg8 42. Rc7 a5 43. Kf1 a4 44. a3 Kf8 45. Ke2 h5 46. f3 Ke8 47. Kd2 Kd8 48. Rg7 b5 49. Rxg6 Kc7 50. g4 hxg4 51. Rxg4 1-0

[Event "Tamil Nadu IM 1st"]
[Site "Chennai"]
[Date "2023.10.17"]
[Round "3"]
[White "Ashwath, R."]
[Black "Srihari, Lakshmi"]
[Result "1-0"]
[WhiteElo "2298"]
[BlackElo "2200"]
[PlyCount "93"]
[EventDate "2023.10.16"]
[EventType "tourn"]
[EventRounds "9"]
[EventCountry "IND"]
[SourceTitle "Mega2024 Update 01"]
[Source "Chessbase"]
[SourceDate "2023.11.12"]
[SourceVersion "1"]
[SourceVersionDate "2023.11.12"]
[SourceQuality "1"]

1. d4 Nf6 2. c4 g6 3. Nc3 Bg7 4. e4 d6 5. h4 0-0 6. Be2 Nc6 7. d5 Ne5 8. Nf3 Nxf3+ 9. gxf3 e5 10. Bg5 h6 11. Be3 Nh5 12. c5 Nf4 13. cxd6 Ng2+ 14. Kd2 cxd6 15. h5 g5 16. Qb3 f5 17. Rag1 Nxe3 18. fxe3 f4 19. Kc1 a6 20. Kb1 b5 21. a3 Rb8 22. Rc1 g4 23. fxg4 f3 24. Bf1 Bxg4 25. Nd1 Qg5 26. Nf2 Bxh5 27. Bh3 Qg3 28. Qc2 Qg5 29. Qd2 Be8 30. Rc7 b4 31. axb4 Kh8 32. Be6 Bg6 33. Ka2 h5 34. Qe1 Rf6 35. Rg1 Qh6 36. Qc3 Rbf8 37. Rd7 Bf7 38. Bh3 Rg6 39. Rh1 Be8 40. Ra7 Qg5 41. Bf5 Rh6 42. Qc1 Bf7 43. Rg1 Qh4 44. Qd2 Bf6 45. Rxa6 Bxd5+ 46. Qxd5 Qxf2 47. Ra8 1-0

[Event "Tamil Nadu IM 1st"]
[Site "Chennai"]
[Date "2023.10.16"]
[Round "2"]
[White "Allahverdiyeva, Ayan"]
[Black "Ashwath, R."]
[Result "1/2-1/2"]
[WhiteElo "2198"]
[BlackElo "2298"]
[PlyCount "83"]
[EventDate "2023.10.16"]
[EventType "tourn"]
[EventRounds "9"]
[EventCountry "IND"]
[SourceTitle "Mega2024 Update 01"]
[Source "Chessbase"]
[SourceDate "2023.11.12"]
[SourceVersion "1"]
[SourceVersionDate "2023.11.12"]
[SourceQuality "1"]

1. e4 e5 2. Nf3 Nc6 3. Bb5 a6 4. Ba4 d6 5. 0-0 Bd7 6. c3 g6 7. d4 Bg7 8. h3 Nf6 9. Re1 0-0 10. Bc2 a5 11. a4 Re8 12. d5 Ne7 13. Na3 h6 14. Nc4 Nh7 15. b4 axb4 16. cxb4 f5 17. Ra3 fxe4 18. Nfd2 Nxd5 19. Bxe4 Nf4 20. Nf3 Nf6 21. Bxb7 Rb8 22. Na5 c5 23. Bd2 cxb4 24. Bxb4 e4 25. Qd2 Nd3 26. Rxd3 exd3 27. Bxd6 Rxe1+ 28. Qxe1 Bxa4 29. Bxb8 Qxb8 30. Ba6 Qd6 31. Bc4+ Kh7 32. Bf7 Qf4 33. Nc4 Ne4 34. Bd5 Nc3 35. Be6 Ne2+ 36. Kh1 Bc6 37. Ncd2 Bc3 38. Qb1 Bxd2 39. Qxd3 Bxf3 40. Qd7+ Kh8 41. Qe8+ Kg7 42. Qe7+ 1/2-1/2

[Event "Olomouc IM-A 24th"]
[Site "Olomouc"]
[Date "2023.08.16"]
[Round "6"]
[White "Ashwath, R."]
[Black "Biolek, Richard"]
[Result "1/2-1/2"]
[WhiteElo "2297"]
[BlackElo "2373"]
[PlyCount "43"]
[EventDate "2023.08.12"]
[EventType "tourn"]
[EventRounds "9"]
[EventCountry "CZE"]
[SourceTitle "CBM 215 Extra"]
[Source "ChessBase"]
[SourceDate "2023.09.30"]
[SourceVersion "1"]
[SourceVersionDate "2023.09.30"]
[SourceQuality "1"]

1. Nf3 Nf6 2. c4 c6 3. g3 d5 4. Bg2 g6 5. b3 Bg7 6. Bb2 0-0 7. 0-0 a5 8. d3 Re8 9. Nbd2 Nbd7 10. Rc1 e5 11. cxd5 cxd5 12. e4 d4 13. Nc4 Bf8 14. a4 Nh5 15. Ba3 Bxa3 16. Nxa3 b6 17. Nc4 Ba6 18. Bh3 Bxc4 19. Bxd7 Bxb3 20. Qxb3 Qxd7 21. Nd2 Rab8 22. Nc4 1/2-1/2

[Event "Olomouc IM-A 24th"]
[Site "Olomouc"]
[Date "2023.08.15"]
[Round "5"]
[White "Stigar, Petter"]
[Black "Ashwath, R."]
[Result "0-1"]
[WhiteElo "2213"]
[BlackElo "2297"]
[PlyCount "104"]
[EventDate "2023.08.12"]
[EventType "tourn"]
[EventRounds "9"]
[EventCountry "CZE"]
[SourceTitle "CBM 215 Extra"]
[Source "ChessBase"]
[SourceDate "2023.09.30"]
[SourceVersion "1"]
[SourceVersionDate "2023.09.30"]
[SourceQuality "1"]

1. Nf3 f5 2. g3 Nf6 3. Bg2 e6 4. 0-0 Be7 5. d4 d5 6. c4 Ne4 7. Nbd2 Nc6 8. e3 h5 9. Nxe4 dxe4 10. Ne5 Nxe5 11. dxe5 h4 12. Qxd8+ Bxd8 13. Rd1 c5 14. Bd2 Bd7 15. Bc3 Be7 16. f4 exf3 17. Bxf3 hxg3 18. hxg3 0-0-0 19. Ba5 b6 20. Be1 g5 21. Rd3 g4 22. Bg2 Kc7 23. Rad1 Bg5 24. a3 Ba4 25. Rxd8 Bxe3+ 26. Bf2 Bxf2+ 27. Kxf2 Rxd8 28. Rxd8 Kxd8 29. Ke3 Kc7 30. Bf1 a6 31. Kf4 Bc6 32. Bd3 Bf3 33. Kg5 Kd7 34. Bf1 Ke7 35. Bd3 Bd1 36. Bf1 Bf3 37. Bd3 Bc6 38. Be2 b5 39. Bd3 bxc4 40. Bxc4 Bb5 41. Bb3 c4 42. Ba2 a5 43. Kf4 Kf7 44. Kg5 Kg7 45. a4 Ba6 46. Kh5 Kf8 47. Kg5 Kf7 48. Kf4 Kg6 49. Bb1 Bb7 50. Ba2 Bd5 51. Bb1 Bg2 52. Bc2 Bf3 0-1

[Event "Olomouc IM-A 24th"]
[Site "Olomouc"]
[Date "2023.08.14"]
[Round "4"]
[White "Ashwath, R."]
[Black "Plischki, Sebastian"]
[Result "1/2-1/2"]
[WhiteElo "2297"]
[BlackElo "2319"]
[PlyCount "25"]
[EventDate "2023.08.12"]
[EventType "tourn"]
[EventRounds "9"]
[EventCountry "CZE"]
[SourceTitle "CBM 215 Extra"]
[Source "ChessBase"]
[SourceDate "2023.09.30"]
[SourceVersion "1"]
[SourceVersionDate "2023.09.30"]
[SourceQuality "1"]

1. Nf3 Nf6 2. c4 e6 3. g3 d5 4. Bg2 Bd6 5. 0-0 0-0 6. b3 dxc4 7. bxc4 e5 8. Nc3 Re8 9. d3 h6 10. Rb1 c6 11. Qc2 Na6 12. Rd1 Qe7 13. h3 1/2-1/2

[Event "Olomouc IM-A 24th"]
[Site "Olomouc"]
[Date "2023.08.12"]
[Round "1"]
[White "Ashwath, R."]
[Black "Kucharska, Honorata"]
[Result "1/2-1/2"]
[WhiteElo "2297"]
[BlackElo "2204"]
[PlyCount "41"]
[EventDate "2023.08.12"]
[EventType "tourn"]
[EventRounds "9"]
[EventCountry "CZE"]
[SourceTitle "CBM 215 Extra"]
[Source "ChessBase"]
[SourceDate "2023.09.30"]
[SourceVersion "1"]
[SourceVersionDate "2023.09.30"]
[SourceQuality "1"]

1. Nf3 d5 2. g3 Nf6 3. Bg2 e6 4. c4 Be7 5. 0-0 0-0 6. b3 c5 7. Bb2 d4 8. e3 Nc6 9. exd4 cxd4 10. d3 e5 11. Re1 Bd6 12. c5 Bc7 13. Nbd2 Be6 14. Ng5 Bg4 15. Bf3 Bxf3 16. Ndxf3 h6 17. Ne4 Nxe4 18. dxe4 Qd7 19. a3 a5 20. Nd2 Rad8 21. Rb1 1/2-1/2

[Event "Leca da Palmeira 2nd"]
[Site "Leca da Palmeira"]
[Date "2023.08.01"]
[Round "3"]
[White "Ashwath, R."]
[Black "Veiga, Jose Francisco RP"]
[Result "1/2-1/2"]
[WhiteElo "2280"]
[BlackElo "2397"]
[PlyCount "105"]
[EventDate "2023.07.31"]
[EventType "swiss"]
[EventRounds "9"]
[EventCountry "POR"]
[SourceTitle "CBM 215 Extra"]
[Source "ChessBase"]
[SourceDate "2023.09.30"]
[SourceVersion "1"]
[SourceVersionDate "2023.09.30"]
[SourceQuality "1"]

1. d4 Nf6 2. Nf3 g6 3. Bg5 Bg7 4. Nbd2 d5 5. e3 0-0 6. c3 Nbd7 7. Be2 Re8 8. 0-0 e5 9. h3 c6 10. dxe5 Nxe5 11. Nxe5 Rxe5 12. Bf4 Re8 13. Qc2 Bf5 14. Bd3 Bxd3 15. Qxd3 Qb6 16. Qc2 Ne4 17. Nxe4 Rxe4 18. Rfd1 Rae8 19. Qb3 Bf6 20. Bd6 Kg7 21. Qa3 Rc4 22. Rac1 a5 23. Rd4 Qd8 24. b3 Rxd4 25. cxd4 Re6 26. Bg3 h5 27. Qb2 Qe7 28. Qd2 Re4 29. Rb1 h4 30. Bh2 c5 31. dxc5 Qxc5 32. Rc1 Qb5 33. Qc2 Re6 34. Qc5 Qd3 35. Qc2 Qa6 36. Rd1 d4 37. exd4 Re2 38. Qc4 Qxc4 39. bxc4 Bxd4 40. Bc7 Bxf2+ 41. Kf1 Rxa2 42. Bxa5 Be3 43. Bc3+ Kf8 44. Rd7 b6 45. Bb4+ Kg8 46. Bc3 Rf2+ 47. Ke1 g5 48. Rd8+ Kh7 49. Rh8+ Kg6 50. Rg8+ Kf5 51. Re8 Kf4 52. Be5+ Kf5 53. Bc3 1/2-1/2

[Event "Basel Easter op"]
[Site "Basel"]
[Date "2023.04.08"]
[Round "5"]
[White "Zuferi, Enis"]
[Black "Ashwath, R."]
[Result "1-0"]
[WhiteElo "2378"]
[BlackElo "2275"]
[PlyCount "111"]
[EventDate "2023.04.06"]
[EventType "swiss"]
[EventRounds "9"]
[EventCountry "SUI"]
[SourceTitle "CBM 213 Extra"]
[Source "ChessBase"]
[SourceDate "2023.05.31"]
[SourceVersion "1"]
[SourceVersionDate "2023.05.31"]
[SourceQuality "1"]

1. d4 d5 2. c4 e6 3. Nc3 a6 4. cxd5 exd5 5. Qb3 c6 6. e4 dxe4 7. Bc4 Qe7 8. a4 g6 9. Nge2 Bg7 10. a5 Nf6 11. Na4 Nbd7 12. Bg5 0-0 13. 0-0 Rd8 14. Rfe1 h6 15. Bh4 g5 16. Bg3 Nd5 17. Nec3 N7f6 18. Bxd5 cxd5 19. Nb6 Be6 20. Nxa8 Rxa8 21. Be5 Nh5 22. Bxg7 Nxg7 23. Qa3 Qd8 24. Qb4 Rb8 25. Rac1 b6 26. axb6 Qxb6 27. Qc5 Qb7 28. Qd6 Nf5 29. Qe5 Rc8 30. Nxd5 Rxc1 31. Nf6+ Kf8 32. Rxc1 Qxb2 33. Rd1 e3 34. fxe3 Qe2 35. Rf1 Qxe3+ 36. Qxe3 Nxe3 37. Re1 Nc2 38. Rd1 Kg7 39. Ne8+ Kf8 40. Nc7 Bc4 41. d5 Ke7 42. d6+ Kd7 43. Na8 Bb5 44. Nb6+ Kd8 45. d7 f5 46. Rd6 Nb4 47. Rxh6 Bxd7 48. Nxd7 Kxd7 49. Rf6 f4 50. Rf5 Nc6 51. Rxg5 Ke6 52. Rg6+ Kd5 53. Rf6 a5 54. Rxf4 Nd4 55. Kf2 Ke5 56. Rf8 1-0

[Event "Basel Easter op"]
[Site "Basel"]
[Date "2023.04.07"]
[Round "3"]
[White "Ashwath, R."]
[Black "Seul, Georg"]
[Result "1/2-1/2"]
[WhiteElo "2275"]
[BlackElo "2361"]
[PlyCount "31"]
[EventDate "2023.04.06"]
[EventType "swiss"]
[EventRounds "9"]
[EventCountry "SUI"]
[SourceTitle "CBM 213 Extra"]
[Source "ChessBase"]
[SourceDate "2023.05.31"]
[SourceVersion "1"]
[SourceVersionDate "2023.05.31"]
[SourceQuality "1"]

1. d4 Nf6 2. c4 e6 3. Nc3 Bb4 4. f3 d5 5. a3 Bd6 6. e4 dxe4 7. fxe4 e5 8. d5 0-0 9. Be2 Nbd7 10. b4 b6 11. Nh3 a5 12. Rb1 axb4 13. axb4 Qe7 14. Qb3 Nb8 15. Nf2 Na6 16. Na2 1/2-1/2

[Event "Basel Easter op"]
[Site "Basel"]
[Date "2023.04.07"]
[Round "2"]
[White "Heinke, Jasper"]
[Black "Ashwath, R."]
[Result "0-1"]
[WhiteElo "2047"]
[BlackElo "2275"]
[PlyCount "74"]
[EventDate "2023.04.06"]
[EventType "swiss"]
[EventRounds "9"]
[EventCountry "SUI"]
[SourceTitle "CBM 213 Extra"]
[Source "ChessBase"]
[SourceDate "2023.05.31"]
[SourceVersion "1"]
[SourceVersionDate "2023.05.31"]
[SourceQuality "1"]

1. e4 e5 2. Nf3 Nc6 3. d4 exd4 4. Nxd4 Nf6 5. Nxc6 bxc6 6. e5 Qe7 7. Qe2 Nd5 8. c4 Nb6 9. b3 g6 10. Ba3 c5 11. Nd2 Bg7 12. 0-0-0 0-0 13. f4 Bb7 14. Qf2 d6 15. Bd3 a5 16. Be4 Bxe4 17. Nxe4 a4 18. Nf6+ Bxf6 19. exf6 Qxf6 20. Bb2 Qf5 21. g4 Qxg4 22. Rhg1 Qh3 23. Rg3 Qh6 24. Kb1 axb3 25. axb3 Qh5 26. Qc2 Rae8 27. Rg2 Re3 28. f5 Rfe8 29. fxg6 hxg6 30. Rdg1 R8e6 31. Ka2 Qf3 32. Rxg6+ fxg6 33. Rxg6+ Kf8 34. Rg5 Qa8+ 35. Kb1 Re1+ 36. Bc1 Qe4 37. Rf5+ Ke7 0-1

[Event "Plzen IM 11th"]
[Site "Plzen"]
[Date "2023.03.11"]
[Round "9"]
[White "Ashwath, R."]
[Black "Neuman, Petr"]
[Result "1/2-1/2"]
[WhiteElo "2281"]
[BlackElo "2389"]
[PlyCount "20"]
[EventDate "2023.03.04"]
[EventType "tourn"]
[EventRounds "9"]
[EventCountry "CZE"]
[EventCategory "1"]
[SourceTitle "CBM 213 Extra"]
[Source "ChessBase"]
[SourceDate "2023.05.31"]
[SourceVersion "1"]
[SourceVersionDate "2023.05.31"]
[SourceQuality "1"]

1. d4 d5 2. c4 c6 3. cxd5 cxd5 4. Bf4 Nc6 5. e3 Nf6 6. Nc3 Bg4 7. Qb3 Na5 8. Qa4+ Bd7 9. Qc2 e6 10. Bd3 Nc6 1/2-1/2

[Event "Budapest FS02 GM"]
[Site "Budapest"]
[Date "2023.02.06"]
[Round "3"]
[White "Ashwath, R."]
[Black "Kushko, Dmitriy"]
[Result "1/2-1/2"]
[WhiteElo "2348"]
[BlackElo "2349"]
[PlyCount "61"]
[EventDate "2023.02.04"]
[EventType "tourn"]
[EventRounds "9"]
[EventCountry "HUN"]
[EventCategory "6"]
[SourceTitle "CBM 212 Extra"]
[Source "ChessBase"]
[SourceDate "2023.03.31"]
[SourceVersion "1"]
[SourceVersionDate "2023.03.31"]
[SourceQuality "1"]

1. d4 g6 2. Nf3 Bg7 3. e4 d6 4. Nc3 a6 5. a4 Nf6 6. Be2 0-0 7. 0-0 Nc6 8. d5 Nb4 9. a5 e6 10. dxe6 Bxe6 11. Nd4 Bd7 12. Be3 Re8 13. Bf3 c5 14. Nb3 Bc6 15. Bf4 Nxe4 16. Nxe4 Bxe4 17. Bxe4 Rxe4 18. Bxd6 Bxb2 19. Rb1 Be5 20. Bxe5 Rxe5 21. Nxc5 Rxc5 22. Rxb4 Qxd1 23. Rxd1 Rxc2 24. Rxb7 Ra2 25. g4 Rxa5 26. Rdd7 Rf8 27. Kg2 h5 28. h3 Kg7 29. Ra7 hxg4 30. hxg4 Rg5 31. Rd4 1/2-1/2

[Event "Budapest FS02 GM"]
[Site "Budapest"]
[Date "2023.02.04"]
[Round "1"]
[White "Ashwath, R."]
[Black "Neelash, Saha"]
[Result "0-1"]
[WhiteElo "2348"]
[BlackElo "2417"]
[PlyCount "96"]
[EventDate "2023.02.04"]
[EventType "tourn"]
[EventRounds "9"]
[EventCountry "HUN"]
[EventCategory "6"]
[SourceTitle "CBM 212 Extra"]
[Source "ChessBase"]
[SourceDate "2023.03.31"]
[SourceVersion "1"]
[SourceVersionDate "2023.03.31"]
[SourceQuality "1"]

1. d4 Nf6 2. Nf3 b6 3. Bf4 Bb7 4. e3 Nh5 5. Bg3 Nxg3 6. hxg3 g6 7. Bd3 Bg7 8. Nbd2 c5 9. c3 d6 10. Qe2 0-0 11. 0-0 Qc8 12. a4 d5 13. a5 c4 14. Bc2 b5 15. e4 e6 16. e5 Nc6 17. g4 f5 18. exf6 Bxf6 19. Rfe1 Re8 20. Ne5 Bxe5 21. dxe5 Qc7 22. a6 Bc8 23. g5 Rf8 24. Nf3 Rb8 25. Nh2 d4 26. cxd4 Nxd4 27. Qe4 Nxc2 28. Qxc2 Qd8 29. Ng4 Qxg5 30. Nf6+ Kg7 31. Qc3 Rb6 32. Qb4 Rf7 33. Qc5 Bd7 34. Nxd7 Rxd7 35. Red1 Rf7 36. Qxb6 axb6 37. a7 Rf8 38. a8Q Rxa8 39. Rxa8 Qxe5 40. Rd7+ Kh6 41. Raa7 Qe1+ 42. Kh2 Qxf2 43. Rxh7+ Kg5 44. Raf7 Qxb2 45. Rh3 Qe5+ 46. Rg3+ Kh6 47. Rff3 b4 48. Kh1 c3 0-1

[Event "Hoogeveen op 25th"]
[Site "Hoogeveen"]
[Date "2022.10.22"]
[Round "9"]
[White "Mellema, Andries"]
[Black "Ashwath, R."]
[Result "0-1"]
[WhiteElo "2155"]
[BlackElo "2340"]
[PlyCount "98"]
[EventDate "2022.10.15"]
[EventType "swiss"]
[EventRounds "9"]
[EventCountry "NED"]
[SourceTitle "CBM 210 Extra"]
[Source "ChessBase"]
[SourceDate "2022.11.30"]
[SourceVersion "1"]
[SourceVersionDate "2022.11.30"]
[SourceQuality "1"]

1. e4 e5 2. Nf3 Nc6 3. Bc4 Bc5 4. d3 Nf6 5. 0-0 a6 6. c3 d6 7. a4 Ba7 8. Re1 0-0 9. h3 Kh8 10. Nbd2 Ng8 11. Nf1 f5 12. Ba2 f4 13. d4 Qf6 14. b4 exd4 15. Bxg8 Kxg8 16. Bb2 dxc3 17. Qb3+ Be6 18. Qxc3 Qxc3 19. Bxc3 b5 20. Rec1 Bd7 21. N1d2 bxa4 22. e5 Rfe8 23. Nc4 d5 24. Rd1 Bf5 25. Nb2 Be4 26. Nxa4 Bxf3 27. gxf3 d4 28. Bd2 Nxe5 29. Bxf4 Nxf3+ 30. Kg2 Nh4+ 31. Kg3 Nf5+ 32. Kg4 g6 33. Nb2 Bb6 34. Nd3 Ne7 35. Nc5 Nd5 36. Rxd4 Nxb4 37. Rxb4 Bxc5 38. Rc4 Bxf2 39. Rxc7 a5 40. Rd1 Red8 41. Rcd7 Rxd7 42. Rxd7 Ra7 43. Rd8+ Kf7 44. Kg5 a4 45. Kh6 a3 46. Bc1 a2 47. Bb2 a1Q 48. Bxa1 Rxa1 49. Kxh7 Bh4 0-1

[Event "Hoogeveen op 25th"]
[Site "Hoogeveen"]
[Date "2022.10.18"]
[Round "4"]
[White "Ashwath, R."]
[Black "De Winter, Arthur"]
[Result "1-0"]
[WhiteElo "2340"]
[BlackElo "2390"]
[PlyCount "47"]
[EventDate "2022.10.15"]
[EventType "swiss"]
[EventRounds "9"]
[EventCountry "NED"]
[SourceTitle "CBM 210 Extra"]
[Source "ChessBase"]
[SourceDate "2022.11.30"]
[SourceVersion "1"]
[SourceVersionDate "2022.11.30"]
[SourceQuality "1"]

1. d4 Nf6 2. c4 g6 3. h4 Bg7 4. Nc3 d6 5. e4 Nc6 6. d5 Ne5 7. Be2 h5 8. Nf3 Nxf3+ 9. gxf3 c6 10. Be3 0-0 11. Qd2 cxd5 12. cxd5 a6 13. a4 e6 14. Bc4 exd5 15. Bxd5 Nxd5 16. Nxd5 Kh7 17. Bb6 Qd7 18. Bd4 Rb8 19. Bxg7 Kxg7 20. Qd4+ Kh6 21. Qe3+ Kg7 22. Qd4+ Kh6 23. Qe3+ Kg7 24. Qa7 1-0